000 00508nam a2200169 a 4500
005 20260417153414.0
008 260416s2026##################000#0#eng##
020 _a9780415087070
082 0 4 _a361.610941 GEO
100 _aGeorge, Vic
245 1 0 _aSocial policy towards 2000: Squaring the welfare circle.
_c/Edit byb Vic George and Stewart Miller.
250 _a1st ed. reprint
260 _aLondon:
_bRoutledge,
_c1994.
300 _avii;256 p.
_c20 cm.
650 _aSocial science
942 _cENGLISH
999 _c619560
_d619560